তফসীরে সূরা-ফাতেহা / (Record no. 44323)
[ view plain ]
| 000 -LEADER | |
|---|---|
| fixed length control field | 00852nam a22002297a 4500 |
| 001 - CONTROL NUMBER | |
| control field | 44323 |
| 003 - CONTROL NUMBER IDENTIFIER | |
| rucl marc code | BD-RjUL |
| 005 - DATE AND TIME OF LATEST TRANSACTION | |
| control field | 20211209053834.0 |
| 008 - FIXED-LENGTH DATA ELEMENTS--GENERAL INFORMATION | |
| fixed length control field | 160717s1996 bg ||||| |||| 00| 0 ben d |
| 020 ## - INTERNATIONAL STANDARD BOOK NUMBER | |
| Terms of availability | : TK 5.50 |
| 035 ## - SYSTEM CONTROL NUMBER | |
| System control number | (BD-RjUL)44441 |
| 040 ## - CATALOGING SOURCE | |
| Original cataloging agency | BD-RjUL |
| Language of cataloging | ben |
| Transcribing agency | BD-RjUL |
| 041 ## - LANGUAGE CODE | |
| Language code of text/sound track or separate title | ben |
| 082 ## - DEWEY DECIMAL CLASSIFICATION NUMBER | |
| Edition number | 23 |
| Classification number | 297.12259144 |
| Author mark and year | CHT 1996 |
| 100 ## - MAIN ENTRY--PERSONAL NAME | |
| Personal name | ছাহেব, শামছুল হক |
| 9 (RLIN) | 136044 |
| 245 10 - TITLE STATEMENT | |
| Title | তফসীরে সূরা-ফাতেহা / |
| Statement of responsibility, etc. | শামছুল হক ছাহেব |
| 260 ## - PUBLICATION, DISTRIBUTION, ETC. (IMPRINT) | |
| Place of publication, distribution, etc. | ঢাকা : |
| Name of publisher, distributor, etc. | এমদাদিয়া লাইব্রেরী, |
| Date of publication, distribution, etc. | ১৯৯৬ |
| 300 ## - PHYSICAL DESCRIPTION | |
| Pagination | [১০], ২৩৪ পৃ. ; |
| Size | ২২ সেমি. |
| 650 ## - SUBJECT ADDED ENTRY--TOPICAL TERM | |
| Topical term or geographic name as entry element | কোরআন অনুবাদ |
| 9 (RLIN) | 136045 |
| General subdivision | বাংলা |
| Topical term or geographic name as entry element | Koran Translation |
| 9 (RLIN) | 136046 |
| General subdivision | Bengali |
| 942 ## - ADDED ENTRY ELEMENTS (KOHA) | |
| Source of classification or shelving scheme | Dewey Decimal Classification |
| Koha item type | Books |
| Lost status | Source of classification or shelving scheme | Damaged status | Not for loan | Collection code | Permanent Location | Current Location | Shelving location | Date acquired | Source of acquisition | Cost, normal purchase price | Total Checkouts | Full call number | Date last seen | Copy number | Koha item type |
|---|---|---|---|---|---|---|---|---|---|---|---|---|---|---|---|
| Dewey Decimal Classification | Not For Loan | Non-fiction | Central Library, University of Rajshahi | Central Library, University of Rajshahi | 27/02/1967 | Rajushahi : Faruk Library | 5.50 | B 297.12259144 CHT 1996 | 17/07/2016 | C-1 | Books |